000 01597nam a22003855i 4500
001 22118599
003 CSPC
005 20241009153621.0
008 210707s2021 inu 000 0 eng
010 _a 2021942648
020 _a9781119811237
020 _q9781119811237
040 _aDLC
_beng
_erda
_cDLC
_dCSPC
042 _apcc
050 4 _aQA76.9.A25
082 4 _a005.8
_bC859e
_223
100 1 _aCrawley, Kim,
_eauthor.
245 1 0 _a8 steps to better security :
_ba simple cyber resilience guide for business /
_cKim Crawley.
263 _a2109
264 1 _aIndianapolis :
_bJohn Wiley and Sons,
_c2022.
300 _axx, 204 pages ;
_c23 cm.
336 _atext
_btxt
_2rdacontent
337 _aunmediated
_bn
_2rdamedia
338 _avolume
_bnc
_2rdacarrier
500 _aIncludes index.
505 0 _aFoster a strong security culture -- Build a security team -- Regulatory compliance -- Frequent security testing -- Security framework application -- Control your data assets -- Understand the human factor -- Control your data assets -- Understand the human factor -- Build redundancy and resilience -- Afterword.
650 0 _aComputer security.
650 0 _aBusiness enterprises
_vComputer networks
_xSecurity measures.
650 0 _aComputer networks
_vManagement.
650 0 _aComputer networks
_vSecurity measures.
906 _a0
_bibc
_corignew
_d2
_eepcn
_f20
_gy-gencatlg
942 _2ddc
_cBK
_h005.8
_iC859e
_kGRD
_m2022
_n0
_e23
999 _c28366
_d28366